000
00327nam a22001457a 4500
003
SGT
082
_a
617.643
_b
C21N
100
_a
Nasir, Annu
245
_a
Customised Orthodontics
260
_a
Gurugram, Haryana
_b
SGT University
_c
2021
300
_a
175
650
_a
Orthodontics
653
_a
Orthodontics
942
_2
ddc
_c
TH
999
_c
23620
_d
23620